| 000 | 00629nam a22002297a 4500 | ||
|---|---|---|---|
| 005 | 20170124110122.0 | ||
| 010 | _aA-297309 | ||
| 020 |
_c00.00 _a0600311686 |
||
| 035 | _aA-297309 | ||
| 037 | _bCen Lib/Ret | ||
| 040 |
_aDPL _bEN |
||
| 082 |
_aN _bSTE |
||
| 100 |
_aStevenson, Robert Louis _930437 |
||
| 245 |
_aTreasure Island / _cby Robert Louis Stevenson |
||
| 246 | _b | ||
| 260 |
_bHamlyn _aEngland _c1986 |
||
| 270 |
_bEngland _aBridge House, London Road |
||
| 300 |
_a207p. : _c22cm(Hb) _bill. |
||
| 650 |
_aTreasure troves -- Fiction _930911 |
||
| 650 |
_aPirates -- Fiction _930912 |
||
| 942 |
_2ddc _cEN _hN _mSTE |
||
| 999 |
_c131122 _d131122 |
||